000 00541nam a22001817a 4500
999 _c172845
_d172845
005 20200213151817.0
010 _aENG-127737
020 _c200.00
_a9789388927369
035 _aEN-111269
037 _bDBAD/PUB
082 _a883.08
100 _aVyas,Foram
245 _aNote of Existentialism and self identity in the Novels of Anita Desai/
_cby Foram Vyas
260 _aAhmedabad
_c2019
_bVedant Publication
270 _aRajkot, Ahmedabad, Surat
_e360001
_bAhmedabad
300 _a154p.
_b21cm(pbk)
942 _2ddc
_cEN
_hVYA
_k8830.8